[Event "Montcalm II 2014-15"]
[Site "Quebec CAN"]
[Date "2014.10.23"]
[Round "3"]
[White "Theriault, Francis"]
[Black "Badeaux, Yan"]
[Result "0-1"]
[WhiteElo "1620"]
[BlackElo "1498"]
[PlyCount "90"]
[EventDate "2014.10.09"]
[EventType "tourn"]
[EventRounds "5"]
[EventCountry "CAN"]

1. e4 c5 2. Nf3 Nc6 3. d4 cxd4 4. Nxd4 Nf6 5. Nc3 g6 6. Be3 Bg7 7. Nxc6 bxc6 8.
f3 O-O 9. Qd2 d6 10. Bh6 c5 11. g4 Nd7 12. Bxg7 Kxg7 13. h4 Ne5 14. Be2 Ba6 15.
f4 Bxe2 16. Qxe2 Nc6 17. h5 Nd4 18. Qf2 Rb8 19. Rb1 Qa5 20. h6+ Kg8 21. O-O e6
22. Nd1 Qxa2 23. Nc3 Qc4 24. e5 d5 25. Qh4 f5 26. Qe7 Rf7 27. Qd6 Rbf8 28. g5
Nxc2 29. Qxe6 Ne3 30. Rf2 d4 31. Qxc4 Nxc4 32. Nd5 Rd8 33. Nf6+ Kf8 34. Rc1 d3
35. Rxc4 d2 36. Rxd2 Rxd2 37. Rxc5 Rb7 38. Rc8+ Kf7 39. Re8 Re7 40. Rxe7+ Kxe7
41. Nxh7 Rxb2 42. Nf6 a5 43. Nd5+ Kf7 44. h7 Kg7 45. Nc3 Kxh7 0-1

[Event "Montcalm II 2014-15"]
[Site "Quebec CAN"]
[Date "2014.10.30"]
[Round "4"]
[White "Badeaux, Yan"]
[Black "Calafateanu, Vlad"]
[Result "1-0"]
[WhiteElo "1498"]
[BlackElo "1676"]
[PlyCount "83"]
[EventDate "2014.10.09"]
[EventType "tourn"]
[EventRounds "5"]
[EventCountry "CAN"]

1. e4 e5 2. Nf3 Nc6 3. g3 Nf6 4. d3 Bc5 5. Bg2 d6 6. O-O Bg4 7. c3 Qd7 8. a4
O-O 9. b4 Nxb4 10. cxb4 Bxb4 11. Bd2 Bc5 12. Qb3 Be6 13. Qxb7 Rfb8 14. Qa6 Bb4
15. d4 Nxe4 16. Bxb4 Rxb4 17. Nfd2 Nxd2 18. Nxd2 Rc8 19. Bc6 Qd8 20. d5 Bf5 21.
Qxa7 Qg5 22. Qe3 Qh5 23. h4 Rd4 24. Ra2 Qg4 25. Qf3 Qh3 26. Qg2 Qg4 27. a5 Bd3
28. Re1 Ba6 29. f3 Qf5 30. Re4 Rxe4 31. Nxe4 Rb8 32. Rb2 Rxb2 33. Qxb2 h6 34.
Kf2 Qh3 35. Ke3 f5 36. Bd7 Qf1 37. Qb8+ Kh7 38. Bxf5+ g6 39. Qxc7+ Kg8 40. Be6+
Kh8 41. Qd8+ Kg7 42. Qg8# 1-0

[Event "Montcalm II 2014-15"]
[Site "Quebec CAN"]
[Date "2014.10.30"]
[Round "4"]
[White "Gaulin, Gaetan"]
[Black "Marquis, Paul"]
[Result "0-1"]
[WhiteElo "1989"]
[BlackElo "1985"]
[PlyCount "72"]
[EventDate "2014.10.09"]
[EventType "tourn"]
[EventRounds "5"]
[EventCountry "CAN"]

1. Nf3 Nf6 2. c4 g6 3. g3 Bg7 4. Bg2 O-O 5. O-O d6 6. d4 Nbd7 7. Nc3 e5 8. e4
exd4 9. Nxd4 Re8 10. Re1 a6 11. h3 Rb8 12. a4 c5 13. Nc2 Ne5 14. Ne3 Be6 15.
Ned5 Nxc4 16. Bg5 h6 17. Bc1 b5 18. axb5 axb5 19. Ra2 b4 20. Nxf6+ Bxf6 21. Nd5
b3 22. Ra6 Bd4 23. Nf4 Qc8 24. Ra7 Ne5 25. Nxe6 Qxe6 26. Re2 Qc4 27. Be3 Bxe3
28. fxe3 Ra8 29. Rxa8 Rxa8 30. Rd2 Ra2 31. Kh1 Qa4 32. Kh2 Nc4 33. Re2 Nxb2 34.
Qxd6 Nc4 35. Qb8+ Kg7 36. Re1 Qb4 0-1

[Event "Montcalm II 2014-15"]
[Site "Quebec CAN"]
[Date "2014.10.30"]
[Round "4"]
[White "Lamontagne, Danny"]
[Black "Plante, Rejean"]
[Result "0-1"]
[WhiteElo "1906"]
[BlackElo "2026"]
[PlyCount "90"]
[EventDate "2014.10.09"]
[EventType "tourn"]
[EventRounds "5"]
[EventCountry "CAN"]

1. e4 g6 2. d4 Bg7 3. Nc3 d6 4. Nf3 Nf6 5. h3 O-O 6. Be3 a6 7. a4 Nc6 8. Be2 e5
9. d5 Ne7 10. O-O Nh5 11. Re1 Nf4 12. Bc4 h6 13. Qd2 g5 14. Bxf4 gxf4 15. Kh2
f5 16. exf5 Nxf5 17. Rad1 Kh8 18. Ne4 Bd7 19. a5 Be8 20. b3 Bh5 21. Be2 Bg6 22.
Bd3 Bh5 23. Be2 Qe8 24. c3 Rg8 25. Rg1 Qf7 26. Rdf1 Bf8 27. Qd1 Bg6 28. Bd3 Be7
29. c4 Bh5 30. Be2 Bg6 31. Bd3 Qh7 32. Re1 Raf8 33. Qc2 Rf7 34. b4 Bh5 35. Be2
Bxf3 36. Bxf3 Nd4 37. Qc3 h5 38. Kh1 Bh4 39. Qb2 Qf5 40. Kh2 Rfg7 41. Nd2 Bxf2
42. Be4 Qg5 43. Nf3 Qg3+ 44. Kh1 Nxf3 45. Bxf3 Bxe1 0-1

[Event "Montcalm II 2014-15"]
[Site "Quebec CAN"]
[Date "2014.10.30"]
[Round "4"]
[White "May, Oliver"]
[Black "Dube, Daniel"]
[Result "1/2-1/2"]
[WhiteElo "1811"]
[BlackElo "1806"]
[PlyCount "104"]
[EventDate "2014.10.09"]
[EventType "tourn"]
[EventRounds "5"]
[EventCountry "CAN"]

1. e4 e6 2. d4 d5 3. e5 b6 4. c3 Qd7 5. Nf3 Ba6 6. Bf4 Bxf1 7. Rxf1 c5 8. Nbd2
Nc6 9. h4 cxd4 10. Nxd4 Nxd4 11. cxd4 Ne7 12. Nf3 Nc6 13. a3 Na5 14. Nd2 Be7
15. Qg4 g6 16. h5 Qb5 17. b4 Nc6 18. Be3 Bxb4 19. axb4 Nxb4 20. Kd1 Rc8 21. Rb1
Rc2 22. Rxb4 Rxd2+ 23. Bxd2 Qxf1+ 24. Kc2 O-O 25. Qf3 Rc8+ 26. Kb2 b5 27. h6 f5
28. exf6 Kf7 29. Qa3 a5 30. Qxa5 Kxf6 31. Qa7 Rg8 32. Qc7 Qe2 33. Qe5+ Qxe5 34.
dxe5+ Kxe5 35. Bc3+ Kd6 36. Rxb5 Kc6 37. Ra5 Kb6 38. Ra3 Rf8 39. Bd4+ Kb5 40.
Ra7 Kc4 41. Be3 e5 42. f3 d4 43. Bc1 Kd3 44. Rxh7 Rb8+ 45. Ka2 Rc8 46. Bb2 Kc2
47. Re7 d3 48. Rxe5 Ra8+ 49. Ba3 Rh8 50. Rc5+ Kd1 51. Rd5 Kc2 52. Rc5+ Kd1
1/2-1/2

[Event "Montcalm II 2014-15"]
[Site "Quebec CAN"]
[Date "2014.10.30"]
[Round "4"]
[White "Pelletier, Daniel"]
[Black "Genest, Dominic"]
[Result "0-1"]
[WhiteElo "1413"]
[BlackElo "1494"]
[PlyCount "42"]
[EventDate "2014.10.09"]
[EventType "tourn"]
[EventRounds "5"]
[EventCountry "CAN"]

1. d4 d5 2. c4 e6 3. Nf3 Nf6 4. e3 c6 5. a3 Nbd7 6. Nc3 Bd6 7. Bd3 dxc4 8. Bxc4
b5 9. Bd3 Bb7 10. O-O a6 11. Re1 O-O 12. e4 e5 13. Bc2 Re8 14. Bg5 exd4 15.
Qxd4 Qc7 16. Rad1 Bc5 17. Qd3 Ng4 18. Bh4 Nde5 19. Qe2 Nxf3+ 20. Qxf3 Qxh2+ 21.
Kf1 Qxh4 0-1

[Event "Montcalm II 2014-15"]
[Site "Quebec CAN"]
[Date "2014.10.30"]
[Round "4"]
[White "Ripoll, Arthur"]
[Black "Aubin-Charron, Xavier"]
[Result "1-0"]
[WhiteElo "1744"]
[BlackElo "1734"]
[PlyCount "67"]
[EventDate "2014.10.09"]
[EventType "tourn"]
[EventRounds "5"]
[EventCountry "CAN"]

1. e4 c5 2. d4 cxd4 3. c3 g6 4. Nf3 Bg7 5. Bc4 h6 6. O-O e6 7. cxd4 Ne7 8. Nc3
a6 9. e5 d5 10. Bd3 b5 11. Be3 O-O 12. Qd2 Kh7 13. Ne2 Nf5 14. g4 Nxe3 15. Qxe3
f5 16. exf6 Bxf6 17. Nf4 Rg8 18. Rac1 e5 19. Nxe5 Bxe5 20. Qxe5 Bxg4 21. Rc7+
Nd7 22. Rfc1 Rg7 23. Qxd5 Qf6 24. Nxg6 Bf3 25. Qf5 Rf8 26. Qxf6 Nxf6 27. Rxg7+
Kxg7 28. Nxf8 Kxf8 29. Rc7 Nd5 30. Ra7 Nb4 31. Bg6 Bd5 32. a3 Nc6 33. Rxa6 Nxd4
34. Bh5 1-0

[Event "Montcalm II 2014-15"]
[Site "Quebec CAN"]
[Date "2014.11.06"]
[Round "5"]
[White "Abran, David"]
[Black "Boulianne, Gabriel"]
[Result "1-0"]
[WhiteElo "1821"]
[BlackElo "1819"]
[PlyCount "101"]
[EventDate "2014.10.09"]
[EventType "tourn"]
[EventRounds "5"]
[EventCountry "CAN"]

1. Nf3 Nf6 2. g3 g6 3. c4 Bg7 4. Bg2 O-O 5. Nc3 c5 6. d4 cxd4 7. Nxd4 Nc6 8. e3
a6 9. O-O e6 10. b3 Qa5 11. Bb2 Nxd4 12. exd4 d5 13. Qe2 Bd7 14. a4 Rfe8 15. f4
Bc6 16. Rfd1 Rac8 17. c5 b6 18. Qd2 Nd7 19. cxb6 Qxb6 20. Bf1 Bb7 21. a5 Qa7
22. Na4 e5 23. Kh1 e4 24. Rac1 Bc6 25. Nc5 Bb5 26. Bxb5 axb5 27. b4 Nf6 28. Qe2
Qb8 29. Rc2 Rc6 30. Bc1 h5 31. h3 Rec8 32. Be3 Ne8 33. Rdc1 Nd6 34. Nd7 Qb7 35.
Rxc6 Rxc6 36. Rxc6 Qxc6 37. Nc5 Nc4 38. Bg1 Bf8 39. Kg2 Bxc5 40. dxc5 f5 41.
Bd4 Kf7 42. Qf2 Qe6 43. Kf1 e3 44. Qc2 Nd2+ 45. Ke2 Nc4 46. Qd3 Ke8 47. Bxe3
Kd7 48. Qd4 Kc6 49. a6 Kc7 50. Qg7+ Kc6 51. Qb7# 1-0

[Event "Montcalm II 2014-15"]
[Site "Quebec CAN"]
[Date "2014.11.06"]
[Round "5"]
[White "Bergeron, Marc"]
[Black "Gaulin, Gaetan"]
[Result "1-0"]
[WhiteElo "1956"]
[BlackElo "1989"]
[PlyCount "77"]
[EventDate "2014.10.09"]
[EventType "tourn"]
[EventRounds "5"]
[EventCountry "CAN"]

1. c4 Nf6 2. g3 e6 3. Nf3 d5 4. b3 Be7 5. Bb2 O-O 6. Bg2 c5 7. e3 Nc6 8. O-O
dxc4 9. bxc4 Qc7 10. Nc3 Rd8 11. Qe2 a6 12. Rac1 e5 13. Nd5 Nxd5 14. cxd5 Rxd5
15. d4 exd4 16. exd4 Rd8 17. Rfd1 Be6 18. dxc5 Rxd1+ 19. Rxd1 Rd8 20. Nd4 Nxd4
21. Bxd4 h6 22. Be4 Rd7 23. Bc2 Bxc5 24. Bxc5 Rxd1+ 25. Qxd1 Bxa2 26. Qd3 g6
27. Qd6 Qxd6 28. Bxd6 Bd5 29. f4 f5 30. Kf2 Kf7 31. Ke3 Ke6 32. Bf8 h5 33. Kd4
Bg2 34. Bb3+ Kf6 35. h4 b6 36. Bd6 Bf3 37. Bc7 b5 38. Bd8+ Kg7 39. Kc5 1-0

[Event "Montcalm II 2014-15"]
[Site "Quebec CAN"]
[Date "2014.11.06"]
[Round "5"]
[White "Bourassa, Andre"]
[Black "May, Oliver"]
[Result "1/2-1/2"]
[WhiteElo "1801"]
[BlackElo "1811"]
[PlyCount "33"]
[EventDate "2014.10.09"]
[EventType "tourn"]
[EventRounds "5"]
[EventCountry "CAN"]

1. d4 d5 2. c4 dxc4 3. e4 Nf6 4. e5 Nd5 5. Bxc4 e6 6. Ne2 Be7 7. O-O O-O 8.
Nbc3 c6 9. Nxd5 cxd5 10. Bd3 Nc6 11. a3 Qb6 12. b4 Bd7 13. Be3 Rac8 14. Qb3 Nb8
15. Rac1 Bb5 16. Rxc8 Rxc8 17. Rc1 1/2-1/2

[Event "Montcalm II 2014-15"]
[Site "Quebec CAN"]
[Date "2014.11.06"]
[Round "5"]
[White "Dube, Daniel"]
[Black "Bluteau, Yvon"]
[Result "1-0"]
[WhiteElo "1796"]
[BlackElo "1756"]
[PlyCount "31"]
[EventDate "2014.10.09"]
[EventType "tourn"]
[EventRounds "5"]
[EventCountry "CAN"]

1. e4 b6 2. d4 Bb7 3. Bd3 e6 4. Nc3 c5 5. d5 Nf6 6. Nge2 Be7 7. O-O exd5 8.
Nxd5 Nxd5 9. exd5 Bxd5 10. Nf4 Bb7 11. Re1 O-O 12. Qh5 g6 13. Nxg6 fxg6 14.
Bxg6 hxg6 15. Qxg6+ Kh8 16. Re5 1-0

[Event "Montcalm II 2014-15"]
[Site "Quebec CAN"]
[Date "2014.11.06"]
[Round "5"]
[White "Gaudreau, Eric"]
[Black "Ripoll, Arthur"]
[Result "0-1"]
[WhiteElo "1743"]
[BlackElo "1744"]
[PlyCount "72"]
[EventDate "2014.10.09"]
[EventType "tourn"]
[EventRounds "5"]
[EventCountry "CAN"]

1. Nf3 Nc6 2. d4 d5 3. Bf4 Nf6 4. e3 a6 5. Bd3 Bg4 6. Nbd2 e6 7. c3 h6 8. Qc2
Bxf3 9. Nxf3 Nd7 10. e4 dxe4 11. Bxe4 Bd6 12. Bxc6 bxc6 13. Qe4 c5 14. Bxd6
cxd6 15. dxc5 Nxc5 16. Qc6+ Ke7 17. Nd4 Qd7 18. Qf3 Rhc8 19. O-O Rab8 20. Rab1
Qa4 21. b4 Nd7 22. Rfe1 Kf8 23. Nxe6+ Kg8 24. Nd4 Ne5 25. Qg3 Qxa2 26. Nf5 Ng6
27. h4 Qc2 28. Qg4 Qxc3 29. h5 Rc4 30. Re4 Rxe4 31. Qxe4 Qe5 32. Qg4 Ne7 33.
Nxe7+ Qxe7 34. Qc4 Qb7 35. Ra1 Qb5 36. Rd1 Qxc4 0-1

[Event "Montcalm II 2014-15"]
[Site "Quebec CAN"]
[Date "2014.11.06"]
[Round "5"]
[White "Genest, Dominic"]
[Black "Lafond-Groleau, Philippe"]
[Result "0-1"]
[WhiteElo "1494"]
[BlackElo "1480"]
[PlyCount "74"]
[EventDate "2014.10.09"]
[EventType "tourn"]
[EventRounds "5"]
[EventCountry "CAN"]

1. c4 Nf6 2. Nc3 e6 3. g3 d5 4. cxd5 exd5 5. e3 d4 6. Qa4+ Nc6 7. Nce2 dxe3 8.
fxe3 Bb4 9. Nd4 Bd7 10. Nxc6 Bxc6 11. Bb5 Qd5 12. Bxc6+ bxc6 13. Qxb4 Qxh1 14.
Kf1 Qxh2 15. Qf4 O-O 16. b3 Nh5 17. Qf2 Nxg3+ 18. Ke1 Qxf2+ 19. Kxf2 Ne4+ 20.
Ke2 Rad8 21. d3 Nc5 22. d4 Ne4 23. Nf3 Rfe8 24. Bb2 Rd6 25. Ne5 Rxe5 26. dxe5
Rd2+ 27. Kf3 Ng5+ 28. Kg4 Rg2+ 29. Kf5 g6+ 30. Kf6 Ne4+ 31. Ke7 Rxb2 32. Rd1
Rd2 33. Rf1 Rf2 34. Rd1 Kg7 35. Rd8 h5 36. Rf8 h4 37. e6 fxe6 0-1

[Event "Montcalm II 2014-15"]
[Site "Quebec CAN"]
[Date "2014.11.06"]
[Round "5"]
[White "Gingras, Philippe"]
[Black "Badeaux, Yan"]
[Result "1/2-1/2"]
[WhiteElo "1572"]
[BlackElo "1498"]
[PlyCount "75"]
[EventDate "2014.10.09"]
[EventType "tourn"]
[EventRounds "5"]
[EventCountry "CAN"]

1. e4 e6 2. d4 d5 3. Nc3 c5 4. exd5 exd5 5. dxc5 Qe7+ 6. Be2 Be6 7. Nxd5 Qxc5
8. Bb5+ Nd7 9. Bxd7+ Bxd7 10. Nf3 Be6 11. Nf4 Rd8 12. Nd3 Qd5 13. O-O Nf6 14.
Qe2 Bd6 15. Nf4 Bxf4 16. Bxf4 O-O 17. Bg5 Qf5 18. Bxf6 Qxf6 19. Qe5 Qxe5 20.
Nxe5 Rd2 21. Rfc1 Rc8 22. Nf3 Rdxc2 23. Rxc2 Rxc2 24. b3 Rc8 25. h3 a5 26. Rd1
h6 27. Kf1 b5 28. Ke2 a4 29. bxa4 bxa4 30. Rd2 Rc3 31. Nd4 Bc4+ 32. Kd1 Ra3 33.
Kc1 Rxa2 34. Rxa2 Bxa2 35. Kb2 Bb3 36. Nxb3 axb3 37. Kxb3 f5 38. f4 1/2-1/2

[Event "Montcalm II 2014-15"]
[Site "Quebec CAN"]
[Date "2014.11.06"]
[Round "5"]
[White "Marquis, Paul"]
[Black "Lamontagne, Danny"]
[Result "1/2-1/2"]
[WhiteElo "1985"]
[BlackElo "1906"]
[PlyCount "76"]
[EventDate "2014.10.09"]
[EventType "tourn"]
[EventRounds "5"]
[EventCountry "CAN"]

1. c4 Nf6 2. Nc3 c5 3. g3 g6 4. Bg2 Bg7 5. e4 Nc6 6. Nge2 d6 7. O-O O-O 8. d3
e6 9. h3 a6 10. Be3 Qc7 11. a3 Rb8 12. Rb1 b5 13. cxb5 axb5 14. b4 cxb4 15.
axb4 Bd7 16. Qd2 Rfd8 17. Rfc1 Rdc8 18. d4 Qd8 19. f4 e5 20. fxe5 dxe5 21. d5
Ne7 22. d6 Nc6 23. Nd5 Nxd5 24. exd5 Nd4 25. Nxd4 exd4 26. Bxd4 Bxd4+ 27. Qxd4
Bf5 28. Ra1 Qg5 29. Qf4 Qxf4 30. gxf4 Rc4 31. Re1 Rd8 32. Re7 Rxd6 33. Raa7
Rxf4 34. Rxf7 Rxb4 35. Rg7+ Kh8 36. Rxh7+ Kg8 37. Rhb7 Rd8 38. d6 Rd4 1/2-1/2

[Event "Montcalm II 2014-15"]
[Site "Quebec CAN"]
[Date "2014.11.06"]
[Round "5"]
[White "Plante, Rejean"]
[Black "Bonneau, Daniel"]
[Result "1/2-1/2"]
[WhiteElo "2032"]
[BlackElo "2000"]
[PlyCount "37"]
[EventDate "2014.10.09"]
[EventType "tourn"]
[EventRounds "5"]
[EventCountry "CAN"]

1. d4 Nf6 2. c4 g6 3. g3 Bg7 4. Bg2 O-O 5. Nc3 d6 6. e4 Nc6 7. Nge2 e5 8. d5
Nd4 9. Nxd4 exd4 10. Nb5 Nxe4 11. O-O Nf6 12. Nxd4 Bg4 13. Qd3 Qd7 14. Re1 Rfe8
15. Bd2 a6 16. b3 Re5 17. f4 Rxe1+ 18. Rxe1 Re8 19. Rxe8+ 1/2-1/2

[Event "Montcalm III 2014-15"]
[Site "Quebec CAN"]
[Date "2014.11.13"]
[Round "1"]
[White "Badeaux, Yan"]
[Black "Lapierre, Gaetan"]
[Result "1-0"]
[WhiteElo "1580"]
[BlackElo "1949"]
[PlyCount "125"]
[EventDate "2014.11.13"]
[EventType "tourn"]
[EventRounds "5"]
[EventCountry "CAN"]

1. e4 e6 2. d4 d5 3. exd5 exd5 4. g3 Nf6 5. Bg2 Be7 6. Nf3 O-O 7. O-O h6 8. Nc3
a6 9. Ne5 c5 10. dxc5 d4 11. Na4 Qc7 12. Qxd4 Rd8 13. Qe3 Nd5 14. Bxd5 Rxd5 15.
Nd3 Rd8 16. Re1 Bg5 17. Qe4 Nc6 18. Bxg5 hxg5 19. Nb6 Rb8 20. Nxc8 Rbxc8 21.
Qg4 Nd4 22. Rac1 Qc6 23. Re3 Rd5 24. Nb4 Qd7 25. Qxd7 Rxd7 26. c3 Rxc5 27. Kg2
Nf5 28. Rf3 Rd2 29. Rc2 Rd1 30. Rd3 Re1 31. Rd8+ Kh7 32. Nd3 Rd1 33. Nxc5 Rxd8
34. Nxb7 Rc8 35. Rd2 Rc7 36. Na5 g4 37. Nb3 Kg6 38. Nd4 Nd6 39. Ne2 Rc6 40.
Nf4+ Kh6 41. h4 Nc4 42. Rd5 g6 43. b3 Nd6 44. c4 Ne4 45. h5 Nf6 46. Re5 Nxh5
47. Nxh5 gxh5 48. f3 f6 49. Rd5 Re6 50. Kf2 Kg6 51. f4 f5 52. Re5 Rd6 53. Ke3
Rc6 54. c5 Kf6 55. b4 Rc8 56. Rd5 Re8+ 57. Kf2 Re4 58. a3 Rc4 59. Ke3 Re4+ 60.
Kd3 h4 61. c6 Re6 62. c7 Re7 63. c8=Q 1-0

[Event "Montcalm III 2014-15"]
[Site "Quebec CAN"]
[Date "2014.11.13"]
[Round "1"]
[White "Belzil, Claude"]
[Black "Bourassa, Andre"]
[Result "0-1"]
[WhiteElo "1333"]
[BlackElo "1785"]
[PlyCount "38"]
[EventDate "2014.11.13"]
[EventType "tourn"]
[EventRounds "5"]
[EventCountry "CAN"]

1. d4 d5 2. Nf3 Nf6 3. c4 e6 4. cxd5 exd5 5. Nc3 c6 6. Bf4 Bd6 7. Bxd6 Qxd6 8.
g3 O-O 9. Bg2 Nbd7 10. O-O Re8 11. Re1 Nf8 12. Ne5 Ng4 13. Nxg4 Bxg4 14. Qc2
Nd7 15. e4 dxe4 16. Bxe4 Qh6 17. Nd1 Nf6 18. Bg2 Rxe1+ 19. Bf1 Qh3 0-1

[Event "Montcalm III 2014-15"]
[Site "Quebec CAN"]
[Date "2014.11.13"]
[Round "1"]
[White "Bonneau, Daniel"]
[Black "Theriault, Francis"]
[Result "1-0"]
[WhiteElo "1978"]
[BlackElo "1595"]
[PlyCount "57"]
[EventDate "2014.11.13"]
[EventType "tourn"]
[EventRounds "5"]
[EventCountry "CAN"]

1. d4 d5 2. c4 e6 3. Nc3 Nf6 4. cxd5 exd5 5. Bg5 Be7 6. Qc2 c6 7. e3 Nbd7 8.
Bd3 a6 9. Nf3 O-O 10. O-O Re8 11. Rab1 Nf8 12. b4 g6 13. a4 Ne6 14. Bh4 Ng7 15.
b5 axb5 16. axb5 Bf5 17. Bxf5 Nxf5 18. Bxf6 Bxf6 19. bxc6 bxc6 20. Na4 Ne7 21.
Nc5 Qd6 22. Rb7 Bg7 23. Rfb1 Reb8 24. Qb3 Rxb7 25. Qxb7 Rc8 26. Qa7 Rc7 27.
Rb8+ Nc8 28. Qa8 Qd8 29. Na6 1-0

[Event "Montcalm III 2014-15"]
[Site "Quebec CAN"]
[Date "2014.11.13"]
[Round "1"]
[White "Boulianne, Gabriel"]
[Black "Hines, Jason"]
[Result "1-0"]
[WhiteElo "1782"]
[BlackElo "1328"]
[PlyCount "67"]
[EventDate "2014.11.13"]
[EventType "tourn"]
[EventRounds "5"]
[EventCountry "CAN"]

1. e4 c5 2. c3 d6 3. d4 cxd4 4. cxd4 Nf6 5. Nc3 g6 6. Nf3 Bg7 7. Be2 O-O 8. O-O
a6 9. a4 b6 10. Be3 Bb7 11. d5 Nbd7 12. Nd4 Rc8 13. Rc1 Re8 14. b4 Ne5 15. b5
a5 16. Nc6 Qc7 17. Na7 Bxd5 18. Nxd5 Qxa7 19. Bxb6 Qb7 20. Rxc8 Rxc8 21. Bxa5
Nxe4 22. f4 e6 23. fxe5 exd5 24. Be1 dxe5 25. a5 Nd6 26. Qb3 Nxb5 27. Qxb5 Qa7+
28. Bf2 d4 29. Bc4 Rf8 30. Kh1 e4 31. Be1 e3 32. Bb4 Rb8 33. Rxf7 Rxb5 34. Rf8#
1-0

[Event "Montcalm III 2014-15"]
[Site "Quebec CAN"]
[Date "2014.11.13"]
[Round "1"]
[White "Calafateanu, Vlad"]
[Black "Bergeron, Marc"]
[Result "0-1"]
[WhiteElo "1611"]
[BlackElo "2038"]
[PlyCount "98"]
[EventDate "2014.11.13"]
[EventType "tourn"]
[EventRounds "5"]
[EventCountry "CAN"]

1. e4 e6 2. d4 d5 3. exd5 exd5 4. c4 Nc6 5. Nc3 Bb4 6. a3 Bxc3+ 7. bxc3 Nge7 8.
Bd3 Be6 9. cxd5 Qxd5 10. f3 Bf5 11. Ne2 O-O-O 12. c4 Qd7 13. d5 Ne5 14. Bxf5
Nxf5 15. Qb3 Rhe8 16. Rb1 b6 17. O-O Qd6 18. Kh1 Qc5 19. Bf4 Qxc4 20. Qxc4 Nxc4
21. Rfc1 Rxe2 22. Rxc4 Nd6 23. Rc6 Kb7 24. h3 Rde8 25. Kh2 Re1 26. Rb3 Rd1 27.
Rbc3 Nb5 28. Rxc7+ Nxc7 29. Rxc7+ Ka6 30. d6 Rf8 31. Re7 h6 32. h4 Rd5 33. Kg1
g5 34. hxg5 hxg5 35. Bg3 f5 36. Be5 Kb5 37. f4 gxf4 38. Bxf4 a5 39. Rb7 Rd8 40.
a4+ Kxa4 41. Rxb6 Rd4 42. g3 Rb4 43. Rc6 Kb5 44. Rc7 Rxf4 45. gxf4 Rxd6 46. Rf7
Rd5 47. Kf2 a4 48. Kg3 Kb4 49. Ra7 a3 0-1

[Event "Montcalm III 2014-15"]
[Site "Quebec CAN"]
[Date "2014.11.13"]
[Round "1"]
[White "Dube, Daniel"]
[Black "Foucreault, Laurent"]
[Result "1-0"]
[WhiteElo "1946"]
[BlackElo "1557"]
[PlyCount "65"]
[EventDate "2014.11.13"]
[EventType "tourn"]
[EventRounds "5"]
[EventCountry "CAN"]

1. e4 e5 2. Nf3 Nc6 3. Nc3 Nf6 4. d4 exd4 5. Nd5 Bc5 6. Bf4 d6 7. Bg5 h6 8.
Bxf6 gxf6 9. Qd2 Be6 10. Bb5 a6 11. Ba4 b5 12. Bb3 Bxd5 13. Bxd5 Qd7 14. O-O
O-O-O 15. a4 b4 16. Qd3 Kb7 17. Nxd4 Bxd4 18. Qxd4 a5 19. Qc4 Rb8 20. Qb5+ Kc8
21. Qa6+ Kd8 22. Bxc6 Qg4 23. Qxa5 Qe2 24. Qf5 Ke7 25. Qd7+ Kf8 26. Qxc7 Kg7
27. Bd5 Rhf8 28. Rae1 Qa6 29. Re3 Rbc8 30. Qd7 Rcd8 31. Rg3+ Kh7 32. Qf5+ Kh8
33. Qxf6+ 1-0

[Event "Montcalm III 2014-15"]
[Site "Quebec CAN"]
[Date "2014.11.13"]
[Round "1"]
[White "Genest, Dominic"]
[Black "Cournoyer, Dominic"]
[Result "0-1"]
[WhiteElo "1540"]
[BlackElo "1942"]
[PlyCount "54"]
[EventDate "2014.11.13"]
[EventType "tourn"]
[EventRounds "5"]
[EventCountry "CAN"]

1. c4 c6 2. Nc3 d5 3. cxd5 cxd5 4. d4 Nf6 5. Nf3 Nc6 6. Bf4 Bg4 7. h3 Bxf3 8.
exf3 e6 9. Qa4 Bd6 10. Bxd6 Qxd6 11. Bd3 O-O 12. O-O a6 13. Ne2 b5 14. Qc2 Rac8
15. Rac1 Rc7 16. Qd2 Rfc8 17. a4 bxa4 18. Bxa6 Rb8 19. Nc3 Qb4 20. Qc2 Nxd4 21.
Qxa4 Nb3 22. Qxb4 Rxb4 23. Rcd1 Nc5 24. Ra1 Rxb2 25. Bb5 Kf8 26. Rfc1 Ke7 27.
Ra5 Nb3 0-1

[Event "Montcalm III 2014-15"]
[Site "Quebec CAN"]
[Date "2014.11.13"]
[Round "1"]
[White "Leblanc-Legault, Mathieu"]
[Black "Lamontagne, Danny"]
[Result "0-1"]
[WhiteElo "1454"]
[BlackElo "1893"]
[PlyCount "54"]
[EventDate "2014.11.13"]
[EventType "tourn"]
[EventRounds "5"]
[EventCountry "CAN"]

1. d4 Nf6 2. c4 e5 3. dxe5 Ng4 4. Nf3 Bc5 5. e3 Nc6 6. Be2 Ngxe5 7. Nbd2 O-O 8.
a3 a5 9. Qc2 Re8 10. O-O Ra6 11. b3 Nxf3+ 12. Nxf3 Ne5 13. Bb2 Nxf3+ 14. Bxf3
Rh6 15. Qc3 Qg5 16. Rfd1 c6 17. g3 d6 18. b4 Ba7 19. b5 Bg4 20. Bxg4 Qxg4 21.
bxc6 bxc6 22. Rd3 f6 23. f4 Qe2 24. Re1 Qxh2+ 25. Kf1 Rh3 26. Rd2 Qxg3 27. Qc2
Qf3+ 0-1

[Event "Montcalm III 2014-15"]
[Site "Quebec CAN"]
[Date "2014.11.13"]
[Round "1"]
[White "Pelletier, Daniel"]
[Black "Ripoll, Arthur"]
[Result "0-1"]
[WhiteElo "1358"]
[BlackElo "1816"]
[PlyCount "48"]
[EventDate "2014.11.13"]
[EventType "tourn"]
[EventRounds "5"]
[EventCountry "CAN"]

1. d4 d5 2. c4 c6 3. Nf3 Nf6 4. Nc3 e6 5. a3 Bd6 6. e3 O-O 7. Qc2 Nbd7 8. Bd3
dxc4 9. Bxc4 b5 10. Bd3 a6 11. e4 e5 12. O-O Bb7 13. b4 Rc8 14. h3 exd4 15.
Nxd4 c5 16. Nf5 Bb8 17. Qd2 cxb4 18. axb4 Ne5 19. Bc2 Qc7 20. f4 Ba7+ 21. Kh1
Ng6 22. e5 Qxc3 23. Qxc3 Rxc3 24. exf6 Rxh3# 0-1

[Event "Montcalm III 2014-15"]
[Site "Quebec CAN"]
[Date "2014.11.13"]
[Round "1"]
[White "Plante, Rejean"]
[Black "Oliver, Vance"]
[Result "1-0"]
[WhiteElo "2074"]
[BlackElo "1694"]
[PlyCount "105"]
[EventDate "2014.11.13"]
[EventType "tourn"]
[EventRounds "5"]
[EventCountry "CAN"]

1. Nf3 Nf6 2. c4 g6 3. Nc3 Bg7 4. d4 d6 5. g3 O-O 6. Bg2 Nbd7 7. O-O e5 8. h3
Rb8 9. Be3 Re8 10. dxe5 dxe5 11. Bxa7 Ra8 12. Be3 Qe7 13. Qd2 Ra6 14. Rfd1 Nf8
15. Rac1 Rd6 16. Qe1 Rxd1 17. Rxd1 c6 18. Qd2 Ne6 19. Nxe5 Nc5 20. Nd3 Nce4 21.
Nxe4 Nxe4 22. Qc1 Nxg3 23. fxg3 Qxe3+ 24. Qxe3 Rxe3 25. Nf4 Be6 26. Rd8+ Bf8
27. Kf2 Re5 28. b3 Kg7 29. e4 Bc5+ 30. Ke2 h5 31. Rb8 b6 32. Rb7 Bg1 33. Rc7
Bf5 34. Kf1 Bh2 35. Rxc6 Bxg3 36. Nd3 Rxe4 37. Rxb6 Re7 38. Nf2 Re3 39. Bd5 Rc3
40. Rb7 Rc1+ 41. Kg2 Rc2 42. Kxg3 h4+ 43. Kf3 Rc3+ 44. Kg2 Rg3+ 45. Kh2 Re3 46.
Rxf7+ Kh6 47. Ng4+ Bxg4 48. hxg4 Re2+ 49. Kh3 Re1 50. Kxh4 g5+ 51. Kh3 Re3+ 52.
Bf3 Kg6 53. Rf5 1-0

[Event "Montcalm III 2014-15"]
[Site "Quebec CAN"]
[Date "2014.11.20"]
[Round "2"]
[White "Badeaux, Yan"]
[Black "Bleau, John"]
[Result "0-1"]
[WhiteElo "1580"]
[BlackElo "1914"]
[PlyCount "64"]
[EventDate "2014.11.13"]
[EventType "tourn"]
[EventRounds "5"]
[EventCountry "CAN"]

1. e4 Nf6 2. Nc3 d5 3. Nxd5 Nxe4 4. Ne3 g6 5. Bc4 Bg7 6. Nf3 O-O 7. c3 Nd6 8.
Bb3 Nc6 9. d4 Na5 10. Bc2 b6 11. O-O Bb7 12. b4 Nac4 13. Nxc4 Nxc4 14. Qd3 Bd5
15. h4 a5 16. Ng5 Qd7 17. f3 Nd6 18. h5 Bc4 19. Qd1 Bxf1 20. Qxf1 h6 21. hxg6
hxg5 22. gxf7+ Nxf7 23. Qd3 Rfd8 24. Be3 a4 25. Kf2 c5 26. Rh1 cxd4 27. cxd4
Bxd4 28. Qg6+ Kf8 29. Rh7 Bxe3+ 30. Kf1 Qb5+ 31. Bd3 Qxd3+ 32. Qxd3 Rxd3 0-1